|
|
|
|
| LEADER |
00986nam a2200277 a 4500 |
| 001 |
000042084 |
| 003 |
8787 |
| 005 |
20190727094047.0 |
| 008 |
171030s1997 |
| 040 |
|
|
|a LNN
|
| 082 |
0 |
|
|a 428.01
|b GO-A
|
| 100 |
1 |
|
|a Goodwyn, Andrew, 1954-
|
| 245 |
0 |
0 |
|a Developing English teachers : the role of mentorship in a reflective profession /
|c Andrew Goodwyn.
|
| 260 |
|
|
|b Open University Press,
|c 1997.
|
| 300 |
|
|
|a 148 tr. ;
|c 23,5 cm.
|
| 630 |
0 |
4 |
|a English teachers
|
| 650 |
0 |
4 |
|a Developing English teachers
|a English teachers
|
| OWN |
|
|
|a LNN
|
| AVA |
|
|
|a UDN50
|b LNN
|c English
|d 428.01 GO-A
|e available
|t Error 5001 Not defined in file expand_doc_bib_avail.
|f 1
|g 0
|h N
|i 0
|j AN
|k 1
|
| 999 |
|
|
|a From the UDN01
|
| AVA |
|
|
|a UDN50
|b LNN
|c English
|d 428.01 GO-A
|e available
|t Error 5001 Not defined in file expand_doc_bib_avail.
|f 1
|g 0
|h N
|i 0
|j AN
|k 1
|
| TYP |
|
|
|a Monograph
|
| TYP |
|
|
|a Printed language
|
| 980 |
|
|
|a Mạng thư viện Đại học Đà Nẵng
|